00930nam a22002657a 45000010005000000030006000050050017000110080041000280200018000690400029000870500012001160820012001281000015001402450042001552500035001972600044002323000052002764900052003285050007003805200159003875210027005465210018005736500032005916500041006239973FISKH20260428102710.0260320b cb ||||| |||| 00| 0 eng d a9780462003146 aFISKHbengcFISKHdFISKH aQL639.5 a591.392 aLing, Judy aThe hatching / cWritten by Judy Ling aThis edition published in 2011 aLondon : bMarshall Cavendish, c2008.  a16 pages : bcolor illustrations ; c16 x 19 cm aMy Pals are here ! : vReading Stars level 11e aG  aA simple nonfiction-style story showing how an animal hatches from an egg, helping young readers understand the life cycle of reptiles or similar animals.8 a380 bLexile estimate 8 aG bRaz-Plus  aReptiles vJuvenile fiction aAnimal life cyclesvJuvenile fiction